Pueblo en vilo : microhistoria de San José de Gracia /

Obra pionera en los estudios de historia regional en México, que ha sido motivo de numerosas reimpresiones y permanece como el trabajo más significativo de su autor, Luis González y González. San José de Gracia es una comunidad situada en el Estado de Michoacán, fundada después de la segunda mitad d...

תיאור מלא

שמור ב:
מידע ביבליוגרפי
מחבר ראשי: González y González, Luis (autor)
מחברים אחרים: Le Clézio, Jean-Marie Gustave (presentación) (presentación)
פורמט: ספר
שפה:ספרדית
יצא לאור: México : Clío : El Colegio Nacional, 1999, c1999
סדרה:(Obras Completas de Luis González y González ; 11)
נושאים:
תגים: הוספת תג
אין תגיות, היה/י הראשונ/ה לתייג את הרשומה!

MARC

LEADER 00000nam^a2200000^a^4500
001 000150158
005 20250521000000.0
009 20260310100125.813
020 |a 968-6932-82-8 
020 |a 968-6932-71-2 
037 |a Acervo ITESO - Biblioteca 
041 |a ESP 
082 |a 972.  |b GON OBR V. 11 
100 |a González y González, Luis  |e (autor) 
240 1 1 |a [Obras completas de Luis González y González] 
240 1 1 |a [Pueblo en vilo] 
245 1 0 |a Pueblo en vilo :  |b microhistoria de San José de Gracia /  |c L. González y González ; presen. de J.M.G. Le Clézio. 
264 4 |a México :  |b Clío :  |b El Colegio Nacional,  |c 1999, c1999 
300 |a 421 p. 
336 |a texto  |b txt  |2 rdacontenido 
337 |a sin mediación  |b n  |2 rdamedio 
338 |a volumen  |b nc  |2 rdasoporte 
440 1 |a (Obras Completas de Luis González y González ;  |v 11) 
520 |a Obra pionera en los estudios de historia regional en México, que ha sido motivo de numerosas reimpresiones y permanece como el trabajo más significativo de su autor, Luis González y González. San José de Gracia es una comunidad situada en el Estado de Michoacán, fundada después de la segunda mitad del siglo XIX. 
649 |a XX 
650 |a Vida Cotidiana -  |z San José de Gracia, Michoacán 
650 |a Vida Cotidiana -  |z Michoacán 
650 |a Vida Cotidiana -  |z México 
650 |a Prácticas Culturales -  |z San José de Gracia, Michoacán 
650 |a Prácticas Culturales -  |z Michoacán 
650 |a Prácticas Culturales -  |z México 
650 |a Microhistoria -  |z San José de Gracia, Michoacán -  |x Tema Principal 
650 |a Microhistoria -  |z Michoacán 
650 |a Microhistoria -  |z México 
650 |a San José de Gracia, Michoacán -  |x Historia -  |x Tema Principal 
650 |a Michoacán -  |x Historia 
650 |a México -  |x Historia 
700 |a Le Clézio, Jean-Marie Gustave  |e (presentación) 
910 |a Fondo General 
920 |a Impresos - Libros 
930 |a Colección General 
905 |a 101 
901 |a 0500079883  |b IT1  |c ACC  |u 20250521 
902 |a https://opac.biblio.iteso.mx/vufind/Record/000150158